Ajax Biggest Transfers - Statistics

General Stats
  • This quiz has been taken 160 times
  • The average score is 88 of 238
Answer Stats
% Correct
Incomings Brazil RW Antony 20/21 Sao Paulo
98%
Outgoings Brazil RW Antony 22/23 Manchester United
98%
Incomings Ivory Coast ST Sebastien Haller 20/21 West Ham United
94%
Outgoings Ivory Coast ST Sebastien Haller 22/23 Borussia Dortmund
94%
Incomings Netherlands LW Steven Bergwijn 22/23 Tottenham Hotspur
93%
Incomings Morocco RW Hakim Ziyech 16/17 Twente
91%
Outgoings Morocco RW Hakim Ziyech 20/21 Chelsea
91%
Incomings Argentina CB Lisandro Martinez 19/20 Defensa
91%
Outgoings Argentina CB Lisandro Martinez 22/23 Manchester United
91%
Outgoings Netherlands CM Frenkie de Jong 19/20 Barcelona
90%
Incomings Brazil RW David Neres 16/17 Sao Paulo
87%
Outgoings Brazil RW David Neres 21/22 Shakhtar Donetsk
87%
Incomings Serbia LW Dusan Tadic 18/19 Southampton
87%
Outgoings Netherlands CB Matthijs de Ligt 19/20 Juventus
87%
Incomings Netherlands CB Daley Blind 18/19 Manchester United
86%
Outgoings Netherlands CB Daley Blind 14/15 Manchester United
86%
Incomings Mexico DM Edson Alvarez 19/20 Club America
85%
Outgoings Mexico DM Edson Alvarez 23/24 West Ham United
85%
Incomings Ghana AM Mohammed Kudus 20/21 Nordsjaelland
85%
Outgoings Ghana AM Mohammed Kudus 23/24 West Ham United
85%
Incomings Netherlands AM Siem de Jong 17/18 Newcastle United
85%
Outgoings Netherlands AM Siem de Jong 14/15 Newcastle United
85%
Incomings Colombia CB Davinson Sanchez 16/17 Atletico Nacional
84%
Outgoings Colombia CB Davinson Sanchez 17/18 Tottenham Hotspur
84%
Outgoings Netherlands DM Nigel de Jong 05/06 Hamburg
84%
Incomings Mexico RB Jorge Sanchez 22/23 Club America
83%
Incomings Uruguay ST Luis Suarez 07/08 Groningen
80%
Outgoings Uruguay ST Luis Suarez 10/11 Liverpool
80%
Incomings Nigeria CB Calvin Bassey 22/23 Rangers
79%
Outgoings Nigeria CB Calvin Bassey 23/24 Fulham
79%
Incomings Netherlands ST Brian Brobbey 22/23 RB Leipzig
76%
Outgoings Netherlands CM Donny van de Beek 20/21 Manchester United
76%
Incomings Netherlands CM Davy Klaassen 20/21 Werder Bremen
75%
Outgoings Netherlands CM Davy Klaassen 17/18 Everton
75%
Outgoings Netherlands CB Jurrien Timber 23/24 Arsenal
75%
Outgoings Denmark ST Kasper Dolberg 19/20 Nice
75%
Incomings Sweden ST Zlatan Ibrahimovic 01/02 Malmo
75%
Outgoings Sweden ST Zlatan Ibrahimovic 04/05 Juventus
75%
Incomings Poland ST Arkadiusz Milik 15/16 Bayer Leverkusen
74%
Outgoings Poland ST Arkadiusz Milik 16/17 Napoli
74%
Outgoings Denmark AM Christian Eriksen 13/14 Tottenham Hotspur
74%
Incomings Croatia CB Josip Sutalo 23/24 Dinamo Zagreb
74%
Incomings Netherlands ST Klaas-Jan Huntelaar 05/06 Heerenveen
74%
Outgoings Netherlands ST Klaas-Jan Huntelaar 08/09 Real Madrid
74%
Outgoings United States RB Sergino Dest 20/21 Barcelona
71%
Outgoings Netherlands CM Ryan Gravenberch 22/23 Bayern Munich
69%
Outgoings Belgium CB Jan Vertonghen 12/13 Tottenham Hotspur
68%
Incomings England ST Chuba Akpom 23/24 Middlesbrough
67%
Outgoings Netherlands AM Wesley Sneijder 07/08 Real Madrid
67%
Incomings Georgia ST Georges Mikautadze 23/24 Metz
65%
Incomings Netherlands GK Jasper Cillessen 11/12 NEC Nijmegen
65%
Outgoings Netherlands GK Jasper Cillessen 16/17 Barcelona
65%
Incomings Argentina LB Nicolas Tagliafico 17/18 Independiente
65%
Outgoings Argentina LB Nicolas Tagliafico 22/23 Lyon
65%
Incomings Burkina Faso RW Bertrand Traore 16/17 Chelsea
64%
Outgoings Burkina Faso ST Lassina Traore 21/22 Shakhtar Donetsk
64%
Incomings Netherlands LW Quincy Promes 19/20 Sevilla
64%
Outgoings Netherlands LW Quincy Promes 20/21 Spartak Moscow
64%
Incomings Argentina GK Geronimo Rulli 22/23 Villarreal
63%
Outgoings Netherlands LW Justin Kluivert 18/19 Roma
63%
Outgoings Belgium CB Toby Alderweireld 13/14 Atletico Madrid
63%
Incomings Croatia LB Borna Sosa 23/24 Stuttgart
61%
Incomings Netherlands LB Owen Wijndal 22/23 AZ Alkmaar
61%
Incomings Portugal LW Carlos Forbs 23/24 Manchester City
60%
Incomings Netherlands AM Steven Berghuis 21/22 Feyenoord
59%
Outgoings Netherlands GK Edwin van der Sar 99/00 Juventus
55%
Incomings Austria CB Maximilian Wober 17/18 Rapid Vienna
53%
Outgoings Austria CB Maximilian Wober 19/20 Sevilla
53%
Outgoings Netherlands GK Maarten Stekelenburg 11/12 Roma
52%
Incomings Romania CM Razvan Marin 19/20 Standard Liege
52%
Outgoings Romania CM Razvan Marin 21/22 Cagliari
52%
Incomings Turkey CB Ahmetcan Kaplan 22/23 Trabzonspor
51%
Incomings Argentina LB Gaston Avila 23/24 Royal Antwerp
51%
Outgoings Netherlands AM Johan Cruyff 73/74 Barcelona
50%
Incomings Argentina LW Lucas Ocampos 22/23 Sevilla
50%
Incomings Serbia LM Miralem Sulejmani 08/09 Heerenveen
50%
Incomings Netherlands CB Perr Schuurs 17/18 Fortuna Sittard
49%
Outgoings Netherlands CB Perr Schuurs 22/23 Torino
49%
Incomings Netherlands LW Ryan Babel 19/20 Galatasaray
49%
Outgoings Netherlands LW Ryan Babel 07/08 Liverpool
49%
Outgoings Netherlands AM Rafael van der Vaart 05/06 Hamburg
47%
Outgoings Netherlands RB Gregory van der Wiel 12/13 Paris Saint-Germain
46%
Outgoings Netherlands SS Dennis Bergkamp 93/94 Inter Milan
45%
Outgoings Belgium CB Thomas Vermaelen 09/10 Arsenal
45%
Incomings Denmark LW Mohamed Daramy 21/22 Kobenhavn
44%
Outgoings Denmark LW Mohamed Daramy 23/24 Reims
44%
Incomings Germany GK Diant Ramaj 23/24 Eintracht Frankfurt
43%
Outgoings Finland AM Jari Litmanen 99/00 Barcelona
43%
Outgoings Denmark DM Lasse Schone 19/20 Genoa
43%
Outgoings Netherlands LW Marc Overmars 97/98 Arsenal
41%
Incomings Bosnia DM Benjamin Tahirovic 23/24 Roma
40%
Outgoings Netherlands CB Frank de Boer 98/99 Barcelona
40%
Outgoings Netherlands RB Joel Veltman 20/21 Brighton & Hove Albion
40%
Outgoings Netherlands LW Noa Lang 21/22 Club Brugge
40%
Incomings Netherlands RW Ronald de Boer 92/93 Twente
40%
Outgoings Netherlands RW Ronald de Boer 98/99 Barcelona
40%
Incomings Denmark RW Brian Laudrup 99/00 Kobenhavn
38%
Incomings Denmark AM Michael Laudrup 97/98 Vissel Kobe
38%
Outgoings Netherlands CM Clarence Seedorf 95/96 Sampdoria
37%
Incomings Argentina CB Lisandro Magallan 18/19 Boca Junior
37%
Outgoings Netherlands ST Marco van Basten 87/88 Milan
37%
Incomings Romania CB Cristian Chivu 99/00 Universitatea Craiova
36%
Outgoings Romania CB Cristian Chivu 03/04 Roma
36%
Incomings Portugal RW Francisco Conceicao 22/23 Porto
36%
Incomings Netherlands LB Daley Sinkgraven 14/15 Heerenveen
35%
Outgoings Netherlands LB Daley Sinkgraven 19/20 Bayer Leverkusen
35%
Outgoings Netherlands RB Kenny Tete 17/18 Lyon
34%
Incomings Denmark RB Rasmus Kristensen 17/18 Midtjylland
34%
Outgoings Denmark RB Rasmus Kristensen 19/20 RB Salzburg
34%
Outgoings Denmark LW Viktor Fischer 16/17 Middlesbrough
34%
Incomings Denmark RB Anton Gaaei 23/24 Viborg
33%
Outgoings Netherlands DM Frank Rijkaard 87/88 Sporting CP
33%
Outgoings Netherlands GK Kenneth Vermeer 14/15 Feyenoord
33%
Incomings Morocco AM Zakaria Labyad 18/19 Utrecht
32%
Incomings Norway DM Sivert Mannsverk 23/24 Molde
31%
Incomings Germany LW Amin Younes 15/16 Borussia Monchengladbach
30%
Outgoings Netherlands AM Dani de Wit 19/20 AZ Alkmaar
30%
Outgoings Netherlands DM Jairo Riedewald 17/18 Crystal Palace
29%
Incomings Croatia CB Jakov Medic 23/24 St. Pauli
29%
Outgoings Netherlands CB Johnny Heitinga 08/09 Atletico Madrid
29%
Incomings Finland CB Niklas Moisander 12/13 AZ Alkmaar
29%
Outgoings Nigeria ST Nwankwo Kanu 96/97 Inter Milan
29%
Incomings Netherlands GK Diederik Boer 14/15 PEC Zwolle
28%
Outgoings Netherlands DM Riechedly Bazoer 16/17 Wolfsburg
27%
Incomings Iceland ST Kolbeinn Sigthorsson 11/12 AZ Alkmaar
26%
Outgoings Iceland ST Kolbeinn Sigthorsson 15/16 Nantes
26%
Incomings Egypt ST Mido 01/02 Gent
26%
Outgoings Egypt ST Mido 03/04 Marseille
26%
Incomings Suriname RB Sean Klaiber 20/21 Utrecht
26%
Incomings Netherlands CB Jaap Stam 06/07 Milan
25%
Incomings Serbia CB Nemanja Gudelj 15/16 AZ Alkmaar
25%
Outgoings Serbia CB Nemanja Gudelj 16/17 Tianjin TEDA
25%
Incomings South Africa DM Thulani Serero 11/12 Ajax Cape Town
25%
Outgoings Curacao DM Vurnon Anita 12/13 Newcastle United
25%
Outgoings Nigeria RW Finidi George 96/97 Real Betis
24%
Incomings Burkina Faso LW Hassane Bande 18/19 Mechelen
24%
Incomings Brazil LB Maxwell 01/02 Cruzeiro
24%
Incomings Netherlands GK Kjell Scherpen 19/20 Emmen
23%
Outgoings Netherlands GK Kjell Scherpen 21/22 Brighton & Hove Albion
23%
Incomings Netherlands GK Jay Gorter 21/22 Go Ahead Eagles
22%
Incomings Netherlands CB Kik Pierie 19/20 Heerenveen
22%
Incomings Italy ST Lorenzo Lucca 22/23 Pisa
22%
Incomings Netherlands CB Nick Viergever 14/15 AZ Alkmaar
22%
Incomings Netherlands CM Theo Janssen 11/12 Twente
21%
Incomings Georgia ST Shota Arveladze 97/98 Trabzonspor
20%
Outgoings Georgia ST Shota Arveladze 01/02 Rangers
20%
Outgoings Netherlands RW Anwar El Ghazi 16/17 Lille
19%
Incomings Cape Verde GK Bruno Varela 19/20 Benfica
19%
Incomings Colombia ST Mateo Cassierra 16/17 Deportivo Cali
19%
Incomings Morocco ST Mounir El Hamdaoui 10/11 AZ Alkmaar
19%
Incomings Colombia RB Luis Orejuela 17/18 Deportivo Cali
18%
Outgoings Colombia RB Luis Orejuela 19/20 Cruzeiro
18%
Outgoings Netherlands RW Andy van der Meyde 03/04 Inter Milan
17%
Incomings Denmark AM Lucas Andersen 12/13 Aalborg
17%
Outgoings Denmark AM Lucas Andersen 16/17 Grasshoppers
17%
Incomings Greece ST Angelos Charisteas 04/05 Werder Bremen
16%
Outgoings Greece ST Angelos Charisteas 06/07 Feyenoord
16%
Incomings Romania GK Bogdan Lobont 99/00 Rapd Bucharest
16%
Outgoings Romania GK Bogdan Lobont 05/06 Fiorentina
16%
Incomings Netherlands CM Demy de Zeeuw 09/10 AZ Alkmaar
16%
Outgoings Netherlands CM Demy de Zeeuw 11/12 Spartak Moscow
16%
Outgoings Denmark LW Jesper Gronkjaer 00/01 Chelsea
16%
Outgoings Netherlands CM Jurgen Ekkelenkamp 21/22 Hertha Berlin
16%
Incomings Denmark ST Kenneth Perez 06/07 AZ Alkmaar
16%
Incomings Denmark ST Kenneth Perez 07/08 PSV
16%
Outgoings Denmark ST Kenneth Perez 07/08 PSV
16%
Outgoings Netherlands LW Derk Boerrigter 13/14 Celtic
15%
Incomings Netherlands CB Mike van der Hoorn 13/14 Utrecht
15%
Outgoings Netherlands CB Mike van der Hoorn 16/17 Swansea City
15%
Incomings Greece ST Nikolaos Machlas 99/00 Vitesse
15%
Outgoings Netherlands LW Ricardo Kishna 15/16 Lazio
15%
Outgoings South Africa ST Benni McCarthy 99/00 Celta Vigo
14%
Incomings Uruguay AM Nicolas Lodeiro 09/10 Nacional
14%
Outgoings Netherlands RB Ricardo van Rhijn 16/17 Club Brugge
14%
Incomings Sweden ST Markus Rosenberg 05/06 Malmo
13%
Outgoings Sweden ST Markus Rosenberg 06/07 Werder Bremen
13%
Outgoings Netherlands CM Urby Emanuelson 10/11 Milan
13%
Outgoings Netherlands CM Aron Winter 92/93 Lazio
12%
Incomings Denmark RW Dennis Rommedahl 07/08 Charlton Athletic
12%
Incomings Belgium ST Wesley Sonck 03/04 Genk
12%
Outgoings Belgium ST Wesley Sonck 05/06 Borussia Monchengladbach
12%
Incomings Uruguay RB Bruno Silva 07/08 Groningen
11%
Incomings Curacao ST Richairo Zivkovic 14/15 Groningen
11%
Outgoings Curacao ST Richairo Zivkovic 17/18 Oostende
11%
Outgoings Netherlands DM Wim Jonk 93/94 Inter Milan
11%
Incomings Netherlands CB Winston Bogarde 94/95 Sparta Rotterdam
11%
Outgoings Croatia GK Dominik Kotarski 22/23 HNK Gorica
10%
Outgoings Netherlands DM Hedwiges Maduro 07/08 Valencia
10%
Incomings Czech Republic DM Tomas Galasek 00/01 Willem II
10%
Incomings Spain LW Albert Luque 07/08 Newcastle United
9%
Incomings Argentina ST Dario Cvitanich 08/09 Banfield
9%
Outgoings Argentina ST Dario Cvitanich 12/13 Nice
9%
Outgoings Netherlands RB Deyovaisio Zeefuik 18/19 Groningen
9%
Incomings Georgia AM Giorgi Kinkladze 98/99 Manchester City
9%
Outgoings Georgia AM Giorgi Kinkladze 00/01 Derby County
9%
Outgoings France CB Julien Escude 05/06 Sevilla
9%
Incomings Spain CB Oleguer 08/09 Barcelona
9%
Incomings Finland CB Petri Pasanen 00/01 Lahti
9%
Incomings Netherlands CM Richard Witschge 95/96 Bordeaux
9%
Outgoings Netherlands CM Richard Witschge 91/92 Barcelona
9%
Outgoings Netherlands LM Rob Witschge 89/90 Saint-Etienne
9%
Outgoings Suriname CB Stefano Denswil 14/15 Club Brugge
9%
Incomings Nigeria DM Sunday Oliseh 97/98 Koln
9%
Outgoings Nigeria DM Sunday Oliseh 99/00 Juventus
9%
Incomings Czech Republic RB Zdenek Grygera 03/04 Sparta Prague
9%
Incomings Morocco AM Ismail Aissati 08/09 PSV
8%
Incomings Netherlands CM Lerin Duarte 13/14 Heracles Almelo
8%
Incomings Argentina RM Mauro Rosales 04/05 Newell's Old Boys
8%
Outgoings Argentina RM Mauro Rosales 06/07 River Plate
8%
Outgoings Belgium RM Tom De Mul 07/08 Sevilla
8%
Outgoings Belgium CB Jelle Van Damme 04/05 Southampton
7%
Outgoings Armenia RW Aras Ozbiliz 12/13 Kuban Krasnodar
6%
Incomings Netherlands ST Gerald Sibon 97/98 Roda
6%
Outgoings Netherlands ST Gerald Sibon 99/00 Sheffield Wednesday
6%
Outgoings Netherlands LW Daniel de Ridder 05/06 Celta Vigo
5%
Incomings Netherlands CB Frank Verlaat 99/00 Stuttgart
5%
Outgoings Netherlands CB Frank Verlaat 00/01 Werder Bremen
5%
Outgoings Netherlands DM Jan Wouters 91/92 Bayern Munich
5%
Outgoings Netherlands AM Martijn Reuser 99/00 Ipswich Town
5%
Incomings Netherlands LW Peter van Vossen 93/94 Anderlecht
5%
Incomings Sweden CB Rasmus Lindgren 07/08 Groningen
5%
Incomings Netherlands RW Victor Sikora 02/03 Vitesse
5%
Incomings Netherlands RB Ferdi Vierklau 98/99 Tenerife
4%
Incomings Romania RB George Ogararu 06/07 Steaua Bucharest
4%
Incomings Sweden RM Kennedy Bakircioglu 07/08 Twente
4%
Incomings Netherlands CB Rob Wielaert 08/09 Twente
4%
Incomings Poland AM Andrezej Rudy 97/98 Lierse
3%
Incomings Costa Rica ST Froylan Ledezma 97/98 Alajuelense
3%
Incomings Argentina ST Ivan Gabrich 96/97 Newell's Old Boys
3%
Outgoings Argentina ST Ivan Gabrich 97/98 Merida
3%
Incomings Netherlands DM Olaf Lindenbergh 05/06 AZ Alkmaar
3%
Incomings Denmark CB Ole Tobiasen 97/98 Heerenveen
3%
Incomings Sweden ST Stefan Pettersson 88/89 Goteborg
3%
Incomings Netherlands DM Evander Sno 08/09 Celtic
2%
Incomings Netherlands DM John Nieuwenburg 99/00 Sparta Rotterdam
2%
Incomings Netherlands AM John van den Brom 93/94 Vitesse
2%
Incomings Netherlands LW Peter Hoekstra 95/96 PSV
2%
Outgoings Morocco LM Tarik Oulida 95/96 Sevilla
2%
No matching quizzes found
Score Distribution
Percent of People with Each Score
Percentile by Number Answered
Your Score History
You have not taken this quiz